|
|
|
|
| LEADER |
00000nab a2200000 a 4500 |
| 001 |
vtls000018094 |
| 003 |
SK-MaSNL |
| 005 |
20260303030923.0 |
| 008 |
111103c1979 xo 0 slo |
| 015 |
|
|
|a SNBRB19rr/mm-uuuuu
|
| 035 |
|
|
|a CL0028188
|
| 040 |
|
|
|a SNKBUCL
|b slo
|c SNKBUCL
|e AACR2
|
| 041 |
0 |
|
|a slo
|
| 044 |
|
|
|a xo
|c SK
|
| 080 |
|
|
|a 636.2
|2 1981
|
| 100 |
1 |
|
|a Maloch, Milan
|4 aut
|9 481739
|
| 245 |
1 |
0 |
|a Práca každodenná
|b Sila presvedčenia pracujúcich ŠM ČSSP v Senici
|c Milan Maloch
|
| 650 |
0 |
7 |
|a kravy
|2 snkbucl
|9 19691
|
| 650 |
0 |
7 |
|a Štátny majetok, Senec
|2 snkbucl
|9 1006727
|
| 655 |
|
7 |
|a články z novín a časopisov
|2 snkbucl
|9 267496
|
| 773 |
0 |
|
|t Roľnícke noviny
|g Roč. 34, č. 9 (11. 1. 1979), s. 3
|
| 850 |
|
|
|a Slovenská národná knižnica v Martine
|a MTA001
|
| 852 |
|
|
|a SNK
|b KIS3GCP
|
| 958 |
|
|
|a RK
|
| 992 |
|
|
|a RBX
|
| 999 |
|
|
|c 1654921
|d 1656851
|